Three choice and profitable sermons upon several texts of Scripture : viz. Jer. 30. 17. John 14. 3. Heb. 8. 5. /

Bibliographic Details
Main Author: Norton, John, 1606-1663
Corporate Author: Massachusetts. General Court
Other Authors: Wilson, John, 1588-1667
Format: eBook
Language:English
Series:Early American imprints. Evans (1639-1800) ; no. 90.
Early American imprints. Evans (1639-1800) ; no. 91.
Subjects:
Online Access:Evans Digital Edition
Evans Digital Edition

MARC

Tag First Indicator Second Indicator Subfields
LEADER 00000cam a2200000 a 4500
001 in00002162621
006 m e d #
007 cr mn mmmmabba
008 810728s1664 mau s 000 0 eng d
005 20260331150839.2
035 |z w015137 
035 |a MAAR8107283705B 
035 |9 mwa91-7706 
035 |a 325616 
035 |a aas03015137 
040 |a MWA  |c MWA  |e bdrb  |d UtOrBLW 
100 1 |a Norton, John,  |d 1606-1663. 
245 1 0 |a Three choice and profitable sermons upon several texts of Scripture :  |b viz. Jer. 30. 17. John 14. 3. Heb. 8. 5. /  |c By that Reverend servant of Christ, Mr. John Norton late teacher of the Church of Christ at Boston in N.E. ; The first of them being the last sermon which he preached at the Court of Election at Boston. The second was the last which he preached on the Lords-Day. The third was the last which he preached on his weekly-lecture-day. ; Wherein (beside many other excellent and seasonable truths) is shewed, the Lords soveraignty over, and care for his church and people, in order to both their militant and triumphant condition; and their fidelity and good affection towards himself. ; [Eleven lines of Scripture quotations]. 
264 3 |a Cambridge [Mass.] :  |b Printed by S.G. and M.I. [i.e., Samuel Green and Marmaduke Johnson] for Hezekiah Usher of Boston,  |c 1664. 
300 |a 6 unnumbered pages, 38 pages, 6 unnumbered pages, 12 pages, 2 unnumbered pages ;  |c 18 cm. (quarto) 
336 |a text  |b txt  |2 rdacontent 
337 |a computer  |b c  |2 rdamedia 
338 |a online resource  |b cr  |2 rdacarrier 
500 |a Anagrams of the author's name and poems thereon, pages [3-6], 1st count. The last is signed: John Wilson, Sen. 
500 |a "A copy of the letter returned by the ministers of New-England to Mr. John Dury about his pacification. Faithfully translated out of the original manuscript written in Latine, by the Reverend author of the three former sermons. With some considerations premised about that subject, necessary for these times. By a lover of truth and peace. Published in the year 1664."--[6], 12 pages at end (Evans 91). Signed on page 12 by 39 ministers, and the president and fellows of Harvard College. 
510 4 |a Evans  |c 90 
510 4 |a Evans  |c 91 
510 4 |a Wing (2nd ed.)  |c N1324 
530 |a Microform version available in the Readex Early American Imprints series. 
533 |a Electronic text and image data.  |b [Chester, Vt. :  |c Readex, a division of Newsbank, Inc.,  |d 2002-2004.  |e Includes files in TIFF, GIF and PDF formats with inclusion of keyword searchable text.  |f (Early American imprints. First series ; no. 90). 
533 |a Electronic text and image data.  |b [Chester, Vt. :  |c Readex, a division of Newsbank, Inc.,  |d 2002-2004.  |e Includes files in TIFF, GIF and PDF formats with inclusion of keyword searchable text.  |f (Early American imprints. First series ; no. 91). 
500 |a Electronic resource. 
600 1 0 |a Dury, John,  |d 1596-1680. 
650 0 |a Covenants (Church polity) 
655 7 |a Election sermons  |z Massachusetts  |y 1661.  |2 rbgenr 
655 7 |a Sermons  |y 1663.  |2 rbgenr 
655 7 |a Poems  |y 1664.  |2 rbgenr 
700 1 |a Wilson, John,  |d 1588-1667. 
700 1 2 |a Norton, John,  |d 1606-1663.  |t Sion the out-cast healed of her wounds. 
700 1 2 |a Norton, John,  |d 1606-1663.  |t Believer's consolation, in the remembrance of his heavenly mansion. 
700 1 2 |a Norton, John,  |d 1606-1663.  |t Evangelical worshipper, subjecting to the prescription and soveraignth of Scripture-patern. 
710 1 |a Massachusetts.  |b General Court. 
730 0 2 |a Copy of the letter returned by the ministers of New-England to Mr. John Dury about his pacification. 
752 |a United States  |b Massachusetts  |d Boston. 
752 |a United States  |b Massachusetts  |d Cambridge. 
830 0 |a Early American imprints.  |n Series I,  |p Evans (1639-1800) ;  |v no. 90. 
830 0 |a Early American imprints.  |n Series I,  |p Evans (1639-1800) ;  |v no. 91. 
856 4 1 |u http://proxy.library.tamu.edu/login?url=https://opac.newsbank.com/select/evans/90  |y Evans Digital Edition  |t 0 
856 4 1 |u http://proxy.library.tamu.edu/login?url=https://opac.newsbank.com/select/evans/91  |y Evans Digital Edition  |t 0 
999 |a MARS 
999 f f |s fae1c1dc-3c99-38a8-bd8e-dbb6a100c530  |i 8da77e7a-8fe7-31c2-8171-9df283ba6383  |t 0 
952 f f |a Texas A&M University  |b College Station  |c Electronic Resources  |s www_evans  |d Available Online  |t 0  |h No information provided 
998 f f |t 0  |l Available Online